[Event "8th Cvitanovic Mem"]
[Site "Spilt CRO"]
[Date "2003.05.04"]
[Round "7"]
[White "Bukal,V jr"]
[Black "Dumpor,A"]
[Result "1/2-1/2"]
[WhiteElo "2396"]
[BlackElo "2394"]

1.d4 Nf6 2.c4 e6 3.Nf3 d5 4.Nc3 Be7 5.Bf4 O-O 6.e3 c5 7.dxc5 Qa5 8.a3 dxc4
9.Bxc4 Qxc5 10.Qe2 a6 11.e4 Nc6 12.Rd1 b5 13.Bb3 b4 14.axb4 Qxb4 15.Bc4 Bb7
16.O-O Rfd8 17.Bg5 h6 18.Bh4 Nh5 19.Bxe7 Nxe7 20.Ne5 Nf6 21.Kh1 Nc6 22.Nxc6 Bxc6
23.e5 Rxd1 24.Rxd1 Nd7 25.Na2 Qb7 26.f4 Nb6 27.Bd3 Nd5 28.Rf1 Rb8 29.Rf2 g6
30.Bxa6 Qa7 31.h3 Ra8 32.Bc4 Ne3 33.Nb4 Nxc4 34.Nxc6 Qc5 35.b3 Ne3 36.b4 Qc1+
37.Kh2 Ra1 38.Nd4 Nf1+ 39.Rxf1 Qxf1 40.Qxf1 Rxf1 41.Kg3 Rb1 42.Nc6 Rc1 43.b5 Rc5
44.Nd4 Rd5 45.Nf3 Rxb5 46.h4 Rb2 47.Nh2 Rb3+ 48.Kf2 Kf8 49.Ng4 Kg7 50.g3 h5
51.Nf6 Kf8 52.Ne4 Ke7 53.Nf6 Ra3 54.Ne4 Ra7 55.Nf6 Kd8 56.Ne4 Kd7 57.Kf3 Kc6
58.Ng5 Kd5 59.Ke3 Kc4 60.Kf3 Kd4 61.Kf2 Kd3 62.Kf3 Kd2 63.Kf2 Rc7 64.Ne4+ Kd1
65.Ng5 Ra7 66.Kf1 Kd2 67.Kf2 Kd3 68.Kf3 Kd4 69.Kf2 Kd5 70.Ke3 Kc6 71.Kf3 Rd7
72.Ke3 Kc7 73.Kf3 Kd8 74.Ne4 Rd3+ 75.Ke2 Ra3 76.Kf2 Ra7 77.Kf3 Ra5 78.Nf6  1/2-1/2

[Event "St Petersburg vs. Moscow"]
[Site "St Petersburg RUS"]
[Date "2003.05.05"]
[Round "2"]
[White "Belov,Vl"]
[Black "Lugovoi,A"]
[Result "1/2-1/2"]
[WhiteElo "2549"]
[BlackElo "2563"]

1.d4 Nf6 2.c4 e6 3.Nf3 d5 4.Nc3 Be7 5.Bf4 O-O 6.e3 c5 7.dxc5 Bxc5 8.Qc2 Nc6
9.a3 Qa5 10.Nd2 Be7 11.Bg3 Qb6 12.b4 d4 13.Na4 Qd8 14.e4 Nh5 15.Bd3  1/2-1/2

[Event "53rd ch-HUN"]
[Site "Heviz HUN"]
[Date "2003.05.16"]
[Round "5"]
[White "Ruck,R"]
[Black "Portisch,L"]
[Result "1/2-1/2"]
[WhiteElo "2569"]
[BlackElo "2583"]

1.Nf3 d5 2.d4 Nf6 3.c4 e6 4.Nc3 Be7 5.Bf4 O-O 6.e3 Nbd7 7.Rc1 c5 8.dxc5 Nxc5
9.a3 dxc4 10.Bxc4 Qxd1+ 11.Kxd1 Bd7 12.Ne5 Rfd8 13.Nxd7 Ncxd7 14.Ke2 Nh5
15.Rhd1 Nxf4+ 16.exf4 Nb6 17.Rxd8+ Rxd8 18.Bd3 Bf6 19.Rc2 Rc8 20.Be4 Rc7
21.Kd3 Rd7+ 22.Ke2 g6 23.h3 Kg7 24.g3 Be7  1/2-1/2

[Event "Capablanca Mem Premier II"]
[Site "Havana CUB"]
[Date "2003.05.17"]
[Round "12"]
[White "Pecorelli Garcia,H"]
[Black "Gonzalez Garcia,J"]
[Result "1/2-1/2"]
[WhiteElo "2450"]
[BlackElo "2429"]

1.d4 d5 2.c4 e6 3.Nc3 Be7 4.Nf3 Nf6 5.Bf4 O-O 6.e3 c5 7.dxc5 Bxc5 8.cxd5 Nxd5
9.Nxd5 exd5 10.a3 Nc6 11.Be2 Bf5 12.O-O h6  1/2-1/2

[Event "TCh-RUS"]
[Site "Togliatti RUS"]
[Date "2003.05.17"]
[Round "2"]
[White "Shariyazdanov,A"]
[Black "Pigusov,E"]
[Result "1-0"]
[WhiteElo "2589"]
[BlackElo "2588"]

1.d4 Nf6 2.c4 e6 3.Nf3 d5 4.Nc3 Be7 5.Bf4 O-O 6.e3 b6 7.Bd3 Bb7 8.cxd5 exd5
9.Ne5 c5 10.O-O a6 11.Qf3 Ra7 12.Rad1 c4 13.Bb1 b5 14.a3 Nbd7 15.Bg5 Re8
16.Rfe1 Nxe5 17.dxe5 Nd7 18.Bxe7 Qxe7 19.Qh3 Nf8 20.f4 b4 21.axb4 Qxb4 22.Re2 a5
23.Qg3 a4 24.Rxd5 Bc6 25.Rd6 Re6 26.Rxe6 Nxe6 27.f5 Nf8 28.Be4 a3 29.bxa3 Qxc3
30.Bxc6 Rxa3 31.Qf4 Qd3 32.Kf2 c3 33.Be4 Qb5 34.Rc2 Rb3 35.Kg3 Qc5 36.Bd3 Rb4
37.Be4 Nd7 38.Ra2 Rb8 39.e6 fxe6 40.fxe6 Rf8 41.exd7  1-0

[Event "TCh-Serbia & Montenegro"]
[Site "Budva YUG"]
[Date "2003.05.20"]
[Round "3"]
[White "Kosic,D"]
[Black "Abramovic,B"]
[Result "1/2-1/2"]
[WhiteElo "2502"]
[BlackElo "2488"]

1.d4 d5 2.c4 e6 3.Nf3 Nf6 4.Nc3 Be7 5.Bf4 O-O 6.e3 c5 7.dxc5 Bxc5 8.cxd5 Nxd5
9.Nxd5 exd5 10.Bd3 Bb4+ 11.Ke2 Nc6 12.Qc2 h6 13.Rhd1 Be6 14.a3 Be7 15.Rac1 Bf6
16.Kf1  1/2-1/2

[Event "Kings Cup"]
[Site "Bucharest ROM"]
[Date "2003.05.24"]
[Round "7"]
[White "Manolache,M"]
[Black "Trajkovic,P"]
[Result "1-0"]
[WhiteElo "2448"]
[BlackElo "2299"]

1.d4 Nf6 2.c4 e6 3.Nc3 d5 4.Nf3 Be7 5.Bf4 O-O 6.e3 c6 7.a3 b6 8.Rc1 Nbd7
9.cxd5 exd5 10.Bd3 Bb7 11.O-O Re8 12.Ne5 Nxe5 13.dxe5 Nd7 14.Bg3 Bc5 15.b4 Bf8
16.f4 c5 17.Bb1 cxb4 18.Nxd5 Bxd5 19.Qxd5 Nc5 20.Qc4 bxa3 21.Ba2 Qc7 22.f5 Qb7
23.e6 Kh8 24.exf7 Rxe3 25.Rfe1 Re4 26.Qd5 Re7 27.Qxb7 Nxb7 28.Kf1 Rd7 29.Re8 Rdd8
30.Rce1 h5 31.Bc7 Rdc8 32.Rxc8 Rxc8 33.Re8 Rxc7 34.Rxf8+ Kh7 35.Rh8+  1-0

[Event "TCh-RUS"]
[Site "Togliatti RUS"]
[Date "2003.05.25"]
[Round "10"]
[White "Najer,E"]
[Black "Pigusov,E"]
[Result "1/2-1/2"]
[WhiteElo "2606"]
[BlackElo "2588"]

1.d4 Nf6 2.Nf3 e6 3.c4 d5 4.Nc3 Be7 5.Bf4 O-O 6.e3 c5 7.dxc5 Bxc5 8.cxd5 Nxd5
9.Nxd5 exd5 10.a3 Nc6 11.Bd3 Bb6 12.O-O d4 13.Qc2 h6 14.e4 Be6 15.Qe2 Bg4
16.h3 Qf6 17.hxg4 Qxf4 18.g5 hxg5 19.g3 Qg4 20.Kg2 g6 21.Qd2 Bd8 22.Rae1 Kg7
23.Rh1 Be7 24.Bc4 Rad8  1/2-1/2

[Event "TCh-RUS"]
[Site "Togliatti RUS"]
[Date "2003.05.25"]
[Round "10"]
[White "Khalifman,A"]
[Black "Onischuk,Al"]
[Result "1/2-1/2"]
[WhiteElo "2702"]
[BlackElo "2647"]

1.Nf3 Nf6 2.c4 e6 3.Nc3 d5 4.d4 Be7 5.Bf4 O-O 6.e3 c5 7.dxc5 Bxc5 8.a3 Nc6
9.Qc2 Qa5 10.O-O-O Be7 11.g4 dxc4 12.Bxc4 a6 13.g5 Nh5 14.Bd3 g6 15.Be4 e5
16.Bxe5 Nxe5 17.Rd5 Qc7 18.Rxe5 Be6 19.Rd1 Bd6 20.Rxe6 fxe6 21.Qb3 Ng7 22.Qxb7 Rab8
23.Qxc7 Bxc7 24.Rd7 Rf7 25.Rxf7 Kxf7 26.Kc2  1/2-1/2

[Event "ch-RUS w"]
[Site "Elista RUS"]
[Date "2003.05.28"]
[Round "9"]
[White "Grabuzova,T"]
[Black "Ubiennykh,E"]
[Result "1/2-1/2"]
[WhiteElo "2375"]
[BlackElo "2293"]

1.d4 d5 2.c4 e6 3.Nc3 Be7 4.Nf3 Nf6 5.Bf4 c5 6.dxc5 Na6 7.cxd5 Nxd5 8.Nxd5 exd5
9.Bd6 Bxd6 10.cxd6 Qxd6 11.e3 O-O 12.Bd3 Qf6 13.Nd4 Nb4 14.O-O Nxd3 15.Qxd3 Qb6
16.Qb3 Be6 17.f4 Rfe8 18.Rac1 Qxb3 19.axb3 Rac8 20.Kf2 Bd7 21.Rxc8 Rxc8 22.Ra1 a6
23.Ra5 Bb5 24.Ke1 Kf8 25.Nxb5 Rc5 26.Kd2 Ke7 27.Kd3 Rxb5 28.Rxb5 axb5 29.Kc3 Kd6
30.Kb4 Kc6 31.Ka5 Kc5 32.f5 b4 33.g4 h6 34.h4 g6 35.f6 g5 36.h5 d4 37.exd4+ Kxd4
38.Kxb4 Ke5 39.Kc5 Kxf6 40.Kd6 Kg7  1/2-1/2

[Event "4th IECC"]
[Site "Istanbul TUR"]
[Date "2003.06.01"]
[Round "3"]
[White "Arduman,C"]
[Black "Dervishi,E"]
[Result "1/2-1/2"]
[WhiteElo "2361"]
[BlackElo "2535"]

1.d4 Nf6 2.c4 e6 3.Nf3 d5 4.Nc3 Be7 5.Bf4 O-O 6.e3 c5 7.dxc5 Bxc5 8.a3 Nc6
9.cxd5 Nxd5 10.Nxd5 exd5 11.Bd3 Be7 12.O-O Bf6 13.Rc1 Be6 14.Qd2 a6 15.h3 Qe7
16.Rc2 Rfc8 17.Rfc1 g6 18.b4 Qf8 19.Rc5 Be7 20.R5c2 Qg7 21.e4 Rd8 22.Bh6 Qh8
23.Qe2 Bf6 24.Re1 Bc3 25.Rec1 Bf6 26.Re1 Bc3 27.Rec1  1/2-1/2

[Event "4th IECC"]
[Site "Istanbul TUR"]
[Date "2003.06.02"]
[Round "4"]
[White "Kobalia,M"]
[Black "Sturua,Z"]
[Result "1/2-1/2"]
[WhiteElo "2639"]
[BlackElo "2545"]

1.d4 d5 2.c4 e6 3.Nc3 Be7 4.Nf3 Nf6 5.Bf4 O-O 6.e3 c5 7.dxc5 Bxc5 8.a3 Nc6
9.cxd5 exd5 10.Be2 Be6 11.O-O a6 12.b4 Bd6 13.Bg5 Be7 14.Qd3 Qd7 15.Rfd1 Rfd8
16.Rac1 Bf5 17.Qd2 Ne4 18.Nxe4 dxe4 19.Qxd7 Rxd7 20.Rxd7 Bxd7 21.Ne5 Nxe5
22.Bxe7 Bc6 23.Kf1 f6  1/2-1/2

[Event "IEWCC"]
[Site "Istanbul TUR"]
[Date "2003.06.03"]
[Round "2"]
[White "Lomineishvili,M"]
[Black "Sharevich,A"]
[Result "1-0"]
[WhiteElo "2397"]
[BlackElo "2252"]

1.d4 d5 2.c4 e6 3.Nc3 Be7 4.Nf3 Nf6 5.Bf4 O-O 6.e3 b6 7.Bd3 Bb7 8.cxd5 exd5
9.O-O c5 10.Ne5 Nc6 11.Qf3 a6 12.Rad1 cxd4 13.exd4 b5 14.Qh3 g6 15.Rfe1 b4
16.Na4 Nxe5 17.dxe5 Nh5 18.Bh6 Ng7 19.Bc2 Rc8 20.Bb3 Bc6 21.Be3 Rb8 22.Nc5 Nf5
23.Rc1 d4 24.Bf4 Bd5 25.Nxa6 Rb7 26.Qd3 Bxb3 27.axb3 Qb6 28.Ra1 Ra7 29.Ra4 Rfa8
30.Rea1 Ng7 31.Bd2 Ne6 32.Qc4 Rb7 33.h3 Rd8 34.Nxb4 Rc7 35.Qa6 Qxa6 36.Rxa6 Nc5
37.Ra8 Rcc8 38.Rxc8 Rxc8 39.Nd5 Bf8 40.Rc1 Rd8 41.Nf6+ Kh8 42.Bg5 Rb8 43.Ng4 Rxb3
44.Bf6+ Kg8 45.Nh6+ Bxh6 46.Rxc5 Rb8 47.Rd5 Bc1 48.b4 Ba3 49.b5 Bf8 50.Rxd4 Rxb5
51.Rd8 Rb7 52.Kf1 h6 53.Ke2 g5 54.Kd3 Rb1 55.Kc3 Rc1+ 56.Kb3 Rb1+ 57.Kc3 Rc1+
58.Kd2 Rc7 59.Ra8 Rb7 60.g3 Rb2+ 61.Ke3 Rb7 62.Ke4 Rd7 63.f4 gxf4 64.gxf4 Rb7
65.h4 Rb4+ 66.Kd5 Rb5+ 67.Kc6 Rc5+ 68.Kb6 Rc4 69.Be7 Rxf4 70.Rxf8+ Kg7 71.Rc8 Rf1
72.h5 Rb1+ 73.Ka5 Kh7 74.Rc4 Rh1 75.Rh4 Rb1 76.Bf6 Rb7 77.Ka6 Rb1 78.Rc4 Ra1+
79.Kb7 Rb1+ 80.Kc7 Rd1 81.Kc6 Rh1 82.Rh4 Rd1 83.Kc5 Rd7 84.Rd4 Rc7+ 85.Kd6 Ra7
86.Rc4 Ra6+ 87.Rc6 Ra2 88.Rc7 Rd2+ 89.Kc6 Rc2+ 90.Kb6 Rb2+ 91.Ka5 Rh2 92.Rxf7+ Kg8
93.Rg7+ Kf8 94.e6 Rxh5+ 95.Kb6  1-0

[Event "4th IECC"]
[Site "Istanbul TUR"]
[Date "2003.06.03"]
[Round "5"]
[White "Atalik,S"]
[Black "Zvjaginsev,V"]
[Result "1/2-1/2"]
[WhiteElo "2568"]
[BlackElo "2664"]

1.d4 d5 2.c4 e6 3.Nf3 Nf6 4.Nc3 Be7 5.Bf4 c5 6.dxc5 Na6 7.e3 Nxc5 8.cxd5 Nxd5
9.Bb5+ Bd7 10.Bxd7+ Qxd7 11.Nxd5 exd5 12.O-O O-O 13.Be5 Rac8 14.Bd4 a6 15.Rc1 Ne4
16.Qd3 Rxc1 17.Rxc1 Rc8 18.Rxc8+ Qxc8 19.Qd1 Bf6 20.Bxf6 Nxf6 21.Nd4 Ne4
22.f3 Nd6 23.Kf2 g6 24.Qc2 Qc4 25.b3 Qb4 26.g4 Nb5 27.Ne2 Qd6 28.Kg2 Qe5
29.a4 Nc7 30.Qc3 Qxc3 31.Nxc3 Kf8 32.Kf2 Ke7 33.Ke2 Kd6 34.b4 b6 35.Kd3 a5
36.bxa5 bxa5 37.f4 Kc5 38.f5 gxf5 39.gxf5 Na6 40.Nb5 Nb4+ 41.Kc3 f6 42.Nd4 Kd6
43.Nb3 Nc6 44.Nd4 Nb4 45.Nf3 Nc6 46.Nd4 Nd8 47.Nb3 Nc6  1/2-1/2

[Event "4th IECC"]
[Site "Istanbul TUR"]
[Date "2003.06.03"]
[Round "5"]
[White "Atalik,S"]
[Black "Zvjaginsev,V"]
[Result "1/2-1/2"]
[WhiteElo "2568"]
[BlackElo "2664"]

1.d4 d5 2.c4 e6 3.Nf3 Nf6 4.Nc3 Be7 5.Bf4 c5 6.dxc5 Na6 7.e3 Nxc5 8.cxd5 Nxd5
9.Bb5+ Bd7 10.Bxd7+ Qxd7 11.Nxd5 exd5 12.O-O O-O 13.Be5 Rac8 14.Bd4 a6 15.Rc1 Ne4
16.Qd3 Rxc1 17.Rxc1 Rc8 18.Rxc8+ Qxc8 19.Qd1 Bf6 20.Bxf6 Nxf6 21.Nd4 Ne4
22.f3 Nd6 23.Kf2 g6 24.Qc2 Qc4 25.b3 Qb4 26.g4 Nb5 27.Ne2 Qd6 28.Kg2 Qe5
29.a4 Nc7 30.Qc3 Qxc3 31.Nxc3 Kf8 32.Kf2 Ke7 33.Ke2 Kd6 34.b4 b6 35.Kd3 a5
36.bxa5 bxa5 37.f4 Kc5 38.f5 gxf5 39.gxf5 Na6 40.Nb5 Nb4+ 41.Kc3 f6 42.Nd4 Kd6
43.Nb3 Nc6 44.Nd4 Nb4 45.Nb3 Nc6 46.Nd4 Nd8 47.Nb3 Nc6  1/2-1/2

[Event "IEWCC"]
[Site "Istanbul TUR"]
[Date "2003.06.07"]
[Round "5"]
[White "Galliamova,A"]
[Black "Skripchenko,A"]
[Result "1/2-1/2"]
[WhiteElo "2489"]
[BlackElo "2501"]

1.d4 d5 2.c4 e6 3.Nf3 Nf6 4.Nc3 Be7 5.Bf4 O-O 6.e3 b6 7.Qc2 Bb7 8.a3 c5 9.dxc5 bxc5
10.Bd3 Nbd7 11.cxd5 exd5 12.O-O h6 13.Rfd1 Nb6 14.Nb5 Ne8 15.b4 c4 16.Bh7+ Kh8
17.Ne5 Bf6 18.Nd4 Qe7 19.Nf5 Qe6 20.Nd4 Qe7 21.Nf5 Qe6 22.Nd4 Qe7  1/2-1/2

[Event "4th IECC"]
[Site "Istanbul TUR"]
[Date "2003.06.07"]
[Round "8"]
[White "Najer,E"]
[Black "Korobov,A"]
[Result "1/2-1/2"]
[WhiteElo "2606"]
[BlackElo "2513"]

1.Nf3 Nf6 2.c4 e6 3.Nc3 d5 4.d4 Be7 5.Bf4 O-O 6.e3 c5 7.dxc5 Bxc5 8.a3 Nc6
9.Qc2 Qa5 10.O-O-O Be7 11.g4 Rd8 12.h4 e5 13.g5 exf4 14.gxf6 Bxf6 15.Nxd5 Be6
16.Nxf6+ gxf6 17.Bd3 Kh8 18.exf4 Bg4 19.Be4 Qc7 20.Rxd8+ Rxd8 21.Qc3 Qxf4+
22.Qe3 Qxe3+  1/2-1/2

[Event "IEWCC"]
[Site "Istanbul TUR"]
[Date "2003.06.08"]
[Round "6"]
[White "Chasovnikova,E"]
[Black "Mkrtchian,L"]
[Result "0-1"]
[WhiteElo "2319"]
[BlackElo "2416"]

1.d4 Nf6 2.Nf3 d5 3.c4 e6 4.Nc3 Be7 5.Bf4 O-O 6.e3 Nbd7 7.cxd5 Nxd5 8.Nxd5 exd5
9.Bd3 Bb4+ 10.Nd2 Nf6 11.O-O c6 12.Nf3 Bd6 13.Ne5 Qe7 14.h3 Re8 15.Bh2 Nd7
16.f4 f6 17.Qh5 Nf8 18.Rf3 Be6 19.Raf1 Bc7 20.f5 fxe5 21.fxe6 g6 22.Qh6 Qxe6
23.h4 e4 24.Bxc7 exf3 25.Rxf3 Re7 26.Bf4 Qg4 27.Bd6 Rf7 28.Be5 Qh5 29.Qxh5 gxh5
30.Rg3+ Ng6 31.Be2 Rf5 32.Bd3 Raf8 33.Bxf5 Rxf5 34.Bb8 a6 35.Rg5 Rxg5 36.hxg5 Kf7
37.Kf2 Ke6 38.Kf3 Kf5 39.Bf4 Nf8 40.Kg3 Ng6 41.Kf3 h4 42.g4+ hxg3 43.Kxg3 Ke4
44.Kg4 Ne7 45.Kh5 Nf5 46.a4 a5 47.Bc7 Kxe3 48.Bxa5 Kxd4 49.Bc3+ Ke4 50.b4 d4
51.Be1 d3 52.Bd2 Kf3 53.b5 cxb5 54.axb5 Ke2 55.Bb4 d2 56.Bxd2 Kxd2 57.Kg4 Nd6
58.b6 Ke3 59.Kh5 Kd4 60.Kh6 Nf7+ 61.Kxh7 Nxg5+ 62.Kg6 Nf3  0-1

[Event "IEWCC"]
[Site "Istanbul TUR"]
[Date "2003.06.10"]
[Round "7"]
[White "Tkeshelashvili,S"]
[Black "Gaponenko,I"]
[Result "0-1"]
[WhiteElo "2293"]
[BlackElo "2417"]

1.d4 d5 2.c4 e6 3.Nf3 Nf6 4.Nc3 Be7 5.Bf4 O-O 6.e3 b6 7.cxd5 exd5 8.Bd3 Bb7
9.O-O a6 10.Rc1 Nbd7 11.Ne5 Re8 12.Ne2 c5 13.Ng3 g6 14.Qf3 Nxe5 15.Bxe5 Nd7
16.Bf4 Bf8 17.Rfd1 Qe7 18.Ne2 Bg7 19.Qg3 c4 20.Bb1 b5 21.b3 Nf6 22.bxc4 Nh5
23.Qf3 dxc4 24.d5 Nxf4 25.Nxf4  0-1

[Event "IHEM"]
[Site "Hamburg GER"]
[Date "2003.06.15"]
[Round "9"]
[White "Meier,DG"]
[Black "Kroencke,M"]
[Result "0-1"]
[WhiteElo "2183"]
[BlackElo "2195"]

1.d4 d5 2.c4 e6 3.Nc3 Nf6 4.Nf3 Be7 5.Bf4 O-O 6.e3 c5 7.dxc5 Bxc5 8.cxd5 Nxd5
9.Nxd5 exd5 10.a3 Nc6 11.Bd3 h6 12.h3 Bb6 13.b4 a6 14.O-O Qf6 15.Bg3 Bf5
16.Rc1 Rfe8 17.Bxf5 Qxf5 18.Bd6 Rad8 19.Bc5 Bc7 20.Nd4 Qe5 21.g3 Ne7 22.Bxe7 Rxe7
23.Qg4 g6 24.h4 h5 25.Qh3 Bb6 26.Rfd1 Rc7 27.Rxc7 Qxc7 28.Qf1 Qc3 29.Qd3 Bxd4
30.Qxd4 Qxa3 31.e4 a5 32.Qf6 Rc8 33.Rxd5 Qxb4 34.Rd7 Qb3 35.Re7 a4 36.e5 Qb1+
37.Kh2 Qf5 38.Qxf5 gxf5 39.Rxb7 Ra8 40.Rb2 a3 41.Ra2 Kf8 42.Kg2 Ke7 43.Kf3 Ke6
44.Kf4 Ra4+ 45.Kg5 Kxe5 46.Kxh5 Kf6 47.Kh6 Ra7 48.Kh7 f4 49.g4 Ke5 50.Kg8 Kf6
51.Kh7 f3 52.Kh6 Ke5 53.Kg5 f6+ 54.Kg6 Kf4 55.h5 Kxg4 56.Ra1 a2 57.h6 Kh3
58.h7 Ra8 59.Kg7 Ra7+ 60.Kh6 Ra8 61.Rg1 Kh2 62.Rg8 a1=Q 63.h8=Q Rxg8 64.Qxg8 Qc1+
65.Kh5 Qg5+ 66.Qxg5 fxg5 67.Kxg5 Kg2  0-1

[Event "zt 3.2a"]
[Site "Ho Chi Minh City VIE"]
[Date "2003.06.27"]
[Round "8"]
[White "Sitanggang,S"]
[Black "Nguyen Ngoc Truongson"]
[Result "1-0"]
[WhiteElo "2397"]
[BlackElo "2440"]

1.d4 Nf6 2.Nf3 d5 3.c4 e6 4.Nc3 Be7 5.Bf4 O-O 6.e3 dxc4 7.Bxc4 a6 8.Ne5 c5
9.dxc5 Bxc5 10.O-O b5 11.Qf3 Ra7 12.Rfd1 Qe7 13.Bd3 Bb7 14.Qh3 h5 15.Be2 Nc6
16.Bxh5 Nxh5 17.Qxh5 Nxe5 18.Bxe5 Raa8 19.a3 Rad8 20.h3 Bb6 21.Qg4 f6 22.Bd4 Bc7
23.Ne2 Rd5 24.f4 Rfd8 25.Nc3 R5d7 26.Na2 Bxf4 27.Qxf4 e5 28.Qf2 exd4 29.Rxd4 Rxd4
30.exd4 Rd5 31.Nc3 Rg5 32.g4 f5 33.Re1 Qd8 34.Qe3 fxg4 35.h4 Rf5 36.Qe8+ Qxe8
37.Rxe8+ Kf7 38.Rb8 Bf3 39.Kf2 Rf4 40.Rd8 Ke7 41.Kg3 Rf6 42.Rg8 Kf7 43.Rd8 Rb6
44.Rd7+ Kf8 45.Nd5 Rc6 46.Nf4 g6 47.d5 Rc2 48.d6 Rd2 49.Ne6+ Ke8 50.Re7+  1-0

[Event "25th Open"]
[Site "Oberwart AUT"]
[Date "2003.07.05"]
[Round "1"]
[White "Balinov,I"]
[Black "Schwarz,O"]
[Result "1-0"]
[WhiteElo "2417"]
[BlackElo "2191"]

1.d4 d5 2.c4 e6 3.Nc3 Nf6 4.Nf3 Be7 5.Bf4 c6 6.e3 O-O 7.h3 Nbd7 8.a3 Re8
9.Bd3 dxc4 10.Bxc4 Nb6 11.Bd3 Nbd5 12.Bg3 Qa5 13.O-O Nxc3 14.Qd2 Ne2+ 15.Qxe2 Qb6
16.Ne5 c5 17.dxc5 Bxc5 18.b4 Be7 19.Rfd1 a6 20.Rac1 g6 21.Qf3 Kg7 22.Nc4 Qa7
23.Be5 Bd7 24.Nd6 Bc6 25.Be4 Red8 26.Bxc6 bxc6 27.Ne4  1-0

[Event "Open A"]
[Site "Poznan POL"]
[Date "2003.07.09"]
[Round "3"]
[White "Bogocki,C"]
[Black "Skrochocka,J"]
[Result "1-0"]
[WhiteElo "2018"]
[BlackElo "2107"]

1.d4 d5 2.c4 e6 3.Nf3 Nf6 4.Nc3 Be7 5.Bf4 O-O 6.Qc2 dxc4 7.e3 c5 8.dxc5 Bxc5
9.Bxc4 Nc6 10.Rd1 Qe7 11.a3 a5 12.Bg5 Nb8 13.Ne4 Nbd7 14.Bb5 b6 15.Bxd7 Bxd7
16.Rxd7 Qxd7 17.Bxf6 Rac8 18.Nxc5 Rxc5 19.Bc3 b5 20.Qe4 Rc4 21.Qb1 Qc7 22.O-O b4
23.Ng5 g6 24.axb4 axb4 25.Bf6 Qc6 26.h3 e5 27.Bxe5 f6 28.Nf3 fxe5 29.Nxe5 Qd5
30.Nxc4 Qxc4 31.b3 Qe2 32.Qe1 Qb5 33.Qd2 Rf7 34.Rd1 Qb7 35.Qd6 Qb5 36.Qd3 Qh5
37.Rc1 Qa5 38.Qd4 Qf5 39.f3 Qe6 40.Rc4 Rb7 41.Kf2 Qe7 42.Rc8+ Kf7 43.Rh8 Ke6
44.Qe4+ Kd6 45.Qd4+ Ke6 46.Rd8 Rc7 47.Qe4+ Kf7 48.Qxe7+ Kxe7 49.Rb8 Rc2+
50.Kg3 Rc3 51.Rxb4 Kf6 52.Kf4 g5+ 53.Ke4 Rc2 54.g4 Rh2 55.Rb6+ Kg7 56.b4 Rxh3
57.b5 Rh1 58.Rc6 Rb1 59.b6 Rb5 60.Kd4 Kf7 61.Kc4 Rb1 62.Kc5 Ke7 63.Rc7+ Kd8
64.Rxh7  1-0

[Event "1st Stage Russian Cup"]
[Site "Tomsk RUS"]
[Date "2003.07.09"]
[Round "6"]
[White "Nikitin,An"]
[Black "Mikhel,V"]
[Result "0-1"]
[WhiteElo "2483"]
[BlackElo "2303"]

1.d4 d5 2.c4 e6 3.Nf3 Nf6 4.Nc3 Be7 5.Bf4 c6 6.e3 O-O 7.h3 Nbd7 8.a3 b6 9.cxd5 exd5
10.Bd3 Re8 11.O-O Nf8 12.Ne5 Bb7 13.Qa4 Qc8 14.Rac1 a6 15.Qb3 b5 16.a4 Qe6
17.Ne2 Rec8 18.Rc2 Ne4 19.Rfc1 c5 20.axb5 c4 21.Nxc4 dxc4 22.Bxc4 Rxc4 23.Qxc4 Bd5
24.Qd3 axb5 25.f3 Nd6 26.Be5 Bc4 27.Qd2 f6 28.Bh2 f5 29.Nf4 Qf7 30.Nd3 Ng6
31.Ne5 Qe6 32.Re1 Nxe5 33.Bxe5 Nf7 34.Bf4 g5 35.Bg3 Bb3 36.Rcc1 Ra4 37.Qf2 Bb4
38.Rf1 Bc4 39.Rfd1 Ra8 40.h4 h6 41.hxg5 hxg5 42.d5 Bxd5 43.Rd4 Ba5 44.e4 fxe4
45.fxe4 Bxe4 46.Re1 Bxe1 47.Qxe1 Re8 48.Qe3 Qf5 49.Rd2 Bc6 50.Qb6 Qb1+ 51.Kh2 Re6
52.Qb8+ Kg7  0-1

[Event "Open"]
[Site "Montpellier FRA"]
[Date "2003.07.10"]
[Round "4"]
[White "Pert,N"]
[Black "Giffard,N"]
[Result "1/2-1/2"]
[WhiteElo "2483"]
[BlackElo "2336"]

1.d4 Nf6 2.Nf3 e6 3.c4 d5 4.Nc3 Be7 5.Bf4 O-O 6.e3 c5 7.dxc5 Bxc5 8.cxd5 exd5
9.Be2 Nc6 10.O-O Be6 11.a3 a6 12.b4 Be7 13.Nd4 Rc8 14.Rc1 Nxd4 15.Qxd4 a5
16.Rfd1 axb4 17.axb4 h6 18.h3 Ne4 19.Nxe4 Rxc1 20.Rxc1 dxe4 21.Qxe4 Qd2 22.Rc2 Qe1+
23.Kh2 Qxb4 24.Qxb4 Bxb4 25.Rb2 Be1 26.Bg3 Bd5 27.Rb1 Bc3 28.Bf3 Bxf3 29.gxf3 Ra8
30.Rxb7 Ra2 31.Kg2 g6 32.Bd6 h5 33.f4 Be1 34.Rb8+ Kg7 35.Be5+ f6 36.Rb7+ Kf8
37.Bb2 Ra6 38.Kf3 f5 39.Rb3 Rc6 40.Ke2 Ba5 41.Rb5 Kf7 42.Kd3 Rb6 43.Rxa5 Rxb2
44.Kd4 Rxf2 45.Ke5 Kg7 46.Ra7+ Kh6 47.Kf6 Rf3 48.Rg7 Rxe3 49.Rxg6+ Kh7 50.Rg7+ Kh6
51.Rg6+ Kh7 52.Rg7+ Kh6 53.Re7 Rxh3 54.Kxf5 h4 55.Re6+ Kg7 56.Kg5 Rg3+ 57.Kxh4 Rg1
58.Ra6 Kf7 59.Kh5 Rg2 60.Ra8 Rg1 61.Ra6 Rg2 62.Ra5 Kf6 63.Rg5 Rxg5+ 64.fxg5+ Kg7
65.g6 Kg8 66.Kh6 Kh8 67.g7+ Kg8 68.Kg6  1/2-1/2

[Event "1st Stage Russian Cup"]
[Site "Tomsk RUS"]
[Date "2003.07.12"]
[Round "9"]
[White "Nikitin,An"]
[Black "Bragin,A2"]
[Result "1-0"]
[WhiteElo "2483"]
[BlackElo "2255"]

1.d4 Nf6 2.c4 e6 3.Nf3 d5 4.Nc3 Be7 5.Bf4 O-O 6.e3 Nbd7 7.h3 b6 8.cxd5 Nxd5
9.Nxd5 exd5 10.Bd3 c5 11.O-O c4 12.Bc2 Bb7 13.Ne5 b5 14.b3 Nxe5 15.dxe5 Qb6
16.Qh5 g6 17.Qg4 Rfd8 18.Rfd1 a5 19.h4 Qe6 20.Qg3 a4 21.b4 Qb6 22.Bg5 Bxb4
23.Rab1 Bf8 24.Bxd8 Rxd8 25.Bxa4 b4 26.h5 Ra8 27.Bd7 c3 28.Rbc1 Rxa2 29.e6 Qd6
30.Qg4 c2 31.Rd3 Rb2 32.e4 Bh6 33.hxg6 fxg6 34.Qh4 Bf8 35.Ba4 Rb1 36.Qg5 Qxe6
37.Bxc2 Rxc1+ 38.Qxc1 Qxe4 39.Qd2 d4 40.Rf3 Qe5 41.Bb3+ Bd5 42.Qf4  1-0

[Event "Open A"]
[Site "Poznan POL"]
[Date "2003.07.13"]
[Round "9"]
[White "Schmidt,Wl"]
[Black "Ostrowski,L"]
[Result "1/2-1/2"]
[WhiteElo "2406"]
[BlackElo "2334"]

1.d4 Nf6 2.c4 e6 3.Nc3 d5 4.Nf3 Be7 5.Bf4 O-O 6.e3 c5 7.dxc5 Bxc5 8.cxd5 Nxd5
9.Nxd5 exd5 10.a3 Nc6 11.Bd3 Bb6 12.O-O Bg4 13.h3 Bh5 14.b4 a6 15.Ra2 d4
16.g4 Bg6 17.e4 Qe7 18.Re2  1/2-1/2

[Event "BCSA Open"]
[Site "Batumi GEO"]
[Date "2003.07.17"]
[Round "1"]
[White "Bagaturov,G"]
[Black "Gogochuri,L"]
[Result "1-0"]
[WhiteElo "2462"]
[BlackElo "2155"]

1.d4 d5 2.c4 e6 3.Nf3 Nf6 4.Nc3 Be7 5.Bf4 O-O 6.e3 c5 7.dxc5 Bxc5 8.Qc2 Nc6
9.a3 Qa5 10.O-O-O Rd8 11.Nd2 e5 12.Nb3 Qb6 13.Na4 exf4 14.Nxb6 Bxb6 15.c5 Bc7
16.exf4 Bxf4+ 17.Kb1 g6 18.Nd4 Nxd4 19.Rxd4 Bf5 20.Bd3 Be5 21.Rb4 Be6 22.Re1 Nd7
23.f4 Bg7 24.f5 gxf5 25.Bxf5 Nxc5 26.Bxh7+ Kh8 27.Rh4 Bf6 28.Rh6 Bg7 29.Rh5 Rac8
30.Bf5+ Kg8 31.Bxe6 Nxe6 32.Qh7+ Kf8 33.Rf5 Nd4 34.Rg5  1-0

[Event "Intel Pentium4"]
[Site "Milan ITA"]
[Date "2003.07.17"]
[Round "4"]
[White "Borgo,G"]
[Black "Lanzani,M"]
[Result "1/2-1/2"]
[WhiteElo "2423"]
[BlackElo "2355"]

1.c4 e6 2.Nf3 d5 3.d4 Nf6 4.Nc3 Be7 5.Bf4 O-O 6.e3 c5 7.dxc5 Bxc5 8.cxd5 Nxd5
9.Nxd5 exd5 10.a3 Nc6 11.Bd3 Bd6 12.Bxd6 Qxd6 13.O-O h6 14.h3 Qf6 15.b4 a6
16.Ra2 Be6 17.Rd2 Rac8 18.Bc2 Ne5 19.Nxe5 Qxe5 20.Bb3 Rc3 21.a4 Qd6 22.Rd4 Qe7
23.Qb1 Qg5 24.h4 Qf6 25.Rc1 Rxc1+ 26.Qxc1 Rc8 27.Qd2 h5 28.a5 g6 29.g3 Kh7
30.Kh2 Qf5 31.Rf4 Qe5 32.Rd4 Qf5 33.Kg2 Qh3+ 34.Kg1 Qf5 35.Bxd5 Qb1+ 36.Kg2 Bxd5+
37.Rxd5 Qe4+ 38.f3 Qb1 39.Rc5 Rxc5 40.bxc5 Qb5 41.e4 Qxc5 42.Qd5 Qc2+ 43.Kh3 Qc8+
44.g4 hxg4+ 45.fxg4 Qc3+ 46.Kg2 Qc2+ 47.Kf3 Qc3+ 48.Kf4 Qf6+ 49.Kg3 Qc3+
50.Kf4 Qf6+  1/2-1/2

[Event "BCSA Open"]
[Site "Batumi GEO"]
[Date "2003.07.19"]
[Round "3"]
[White "Gagunashvili,M"]
[Black "Kantaria,M"]
[Result "1-0"]
[WhiteElo "2577"]
[BlackElo "2393"]

1.Nf3 e6 2.c4 Nf6 3.Nc3 d5 4.d4 Be7 5.Bf4 O-O 6.e3 c6 7.Qc2 Nbd7 8.Rd1 Nh5
9.Bd3 Nxf4 10.exf4 Nf6 11.O-O dxc4 12.Bxc4 Nd5 13.g3 g6 14.Ne5 Nxc3 15.Qxc3 Bf6
16.h4 Qd6 17.Rfe1 b6 18.h5 Rd8 19.Bb3 Bd7 20.g4 Rac8 21.f5 gxf5 22.gxf5 Bxe5
23.dxe5 Qf8 24.Rxd7 Rxd7 25.fxe6 Re7 26.exf7+ Kh8 27.e6+ Qg7+ 28.Kh2 c5 29.f4 Qxc3
30.bxc3 Kg7 31.Rg1+ Kf6 32.Rg8 Rec7  1-0

[Event "ch-SCCF"]
[Site "Costa Mesa USA"]
[Date "2003.07.19"]
[Round "3"]
[White "Lakdawala,C"]
[Black "Ambarcumjan,A"]
[Result "1-0"]
[WhiteElo "2435"]
[BlackElo "2424"]

1.c4 e6 2.Nf3 d5 3.d4 Nf6 4.Nc3 Be7 5.Bf4 O-O 6.e3 Nbd7 7.Qc2 c5 8.dxc5 Nxc5
9.O-O-O Bd7 10.Kb1 Qe8 11.Ne5 Ba4 12.Nxa4 Nxa4 13.Bd3 Rc8 14.Qd2 Nc5 15.f3 Nxd3
16.Qxd3 Qa4 17.Qb3 Qa6 18.Rc1 Rc5 19.Rc2 dxc4 20.Rxc4 Rb5 21.Qc2 Ra5 22.Qb3 Nd5
23.Rhc1 Rb5 24.Qc2 g5 25.Ra4 Nc3+ 26.Qxc3 Qxa4 27.Ng4 f6 28.Bd6 Bxd6 29.Nxf6+ Kh8
30.Nd7+ e5 31.Nxf8 Bxf8 32.Qc8 Qa3 33.Rc2 Qe7 34.Rc7 Qb4 35.Rc2 Rd5 36.a3 Rd1+
37.Ka2 Qe7 38.Rc7 Qd6 39.e4 Kg8 40.Rxb7 a5 41.Qc4+ Kh8 42.Qf7  1-0

[Event "BCSA Open"]
[Site "Batumi GEO"]
[Date "2003.07.20"]
[Round "4"]
[White "Rukhaia,K"]
[Black "Mkrtchian,L"]
[Result "1-0"]
[WhiteElo "2204"]
[BlackElo "2413"]

1.d4 Nf6 2.c4 e6 3.Nf3 d5 4.Nc3 Be7 5.Bf4 O-O 6.e3 Nbd7 7.c5 c6 8.Bd3 Nh5
9.O-O Nxf4 10.exf4 b6 11.b4 bxc5 12.bxc5 Qa5 13.Qd2 Bd8 14.Rfe1 Ba6 15.Bc2 Bc4
16.f5 exf5 17.Bxf5 Nf6 18.Ne5 Qa6 19.Re3 Be7 20.Nxc4 Bxc5 21.dxc5 Qxc4 22.Rg3 g6
23.Rc1 Qxc5 24.Ne4 Nxe4 25.Bxe4 Qe7 26.Bd3 c5 27.Bf1 Rfd8 28.Rgc3 Rac8 29.g3 Rc7
30.Qe3 Qd6 31.Rxc5 d4 32.Qf4  1-0